000 00309nam a2200133 i 4500
001 bg
100 1 _aLAIRD, Elizabeth.
245 0 _aFaces of Britain /
_cElizabeth Laird.
260 _aHarlow,
_bLongman ;
_c1989.
040 _cBPK
041 0 _aeng
942 _cKS
008 s pl f |000 0 pol
999 _c4228
_d4228
856 _uhttp://koha.tu.koszalin.pl/cgi-bin/koha/opac-detail.pl?biblionumber=4228
_yKatalog online BPK